| 000 | 01343naa a22003857a 4500 | ||
|---|---|---|---|
| 001 | BR7703978 | ||
| 003 | BR-BrBNA | ||
| 005 | 20240918174024.0 | ||
| 007 | ta | ||
| 008 | 230509b bl.||||| |||| 00| 0 por d | ||
| 040 |
_aBR-BrBNA _bpor _cBiblioteca Nacional de Agricultura |
||
| 041 | _a(Pt) | ||
| 072 |
_aF30 _b1410 _bG514 |
||
| 090 | _aF30 BR7703978 | ||
| 100 | 1 | _aCosta, M.S.S. da | |
| 100 | 1 | _aAltmayer, M.B. | |
| 100 | 1 | _aPederzolli, R.C.D. | |
| 100 | 1 | _aMayer, E.M. | |
| 100 | 1 | _aVieira, S.A. | |
| 100 | 1 | _aBen, J.R. | |
| 100 | 1 | _aOrrego, F.Y. | |
| 111 | 1 |
_a14. Reuniao Tecnica Anual do Feijao _cPelotas, RS (Brazil) _d20 Jul 1977 |
|
| 245 | 1 | _aEnsaio preliminar de linhagens em rede [Feijao; Phaseolus vulgaris; Comportamento de variedade; Variedade resistente; Brasil] | |
| 260 | 3 |
_aPorto Alegre, RS (Brasil): _c1977. |
|
| 500 | _aAta da 14. Reuniao Tecnica Anual do Feijao Porto Alegre, RS (Brasil): 1977. p. 63-67 (BR7703978-AM)F30 | ||
| 650 | _aMelhoramento genetico vegetal | ||
| 650 | _aFeijao | ||
| 650 | _aComportamento de variedade | ||
| 650 | _aCruzamento | ||
| 650 | _aLinhagem | ||
| 650 | _aVariedade resistente | ||
| 773 | 0 |
_tAta da 14. Reuniao Tecnica Anual do Feijao _wF30 BR7703978 _gPorto Alegre, RS (Brasil), 1977. p. 63-67 |
|
| 909 |
_a202404 _bLucia _c55 _dLucia Elande |
||
| 942 |
_cAM _2AGRIS |
||
| 999 |
_c308389 _d308389 |
||